LEADER 02331oas 22008413a 450 001 9910133022103321 005 20251106213014.0 011 $a1943-6637 035 $a(OCoLC)57217915 035 $a(CONSER) 2008215397 035 $a(CKB)954925373784 035 $a(EXLCZ)99954925373784 100 $a20041213a19599999 sy a 101 0 $aeng 135 $aurcn||||||||| 181 $ctxt$2rdacontent 182 $cc$2rdamedia 183 $acr$2rdacarrier 200 00$aASHRAE journal 210 $aAtlanta, GA $cASHRAE 215 $a1 online resource 300 $aRefereed/Peer-reviewed 311 08$a0001-2491 517 3 $aAmerican Society of Heating, Refrigerating and Air-Conditioning Engineers journal 531 0 $aASHRAE j. 606 $aHeating$vPeriodicals 606 $aAir conditioning$vPeriodicals 606 $aRefrigeration and refrigerating machinery$vPeriodicals 606 $aRe?frige?ration et appareils frigorifiques$vPe?riodiques 606 $aClimatisation$vPe?riodiques 606 $aAir conditioning$2fast$3(OCoLC)fst00802264 606 $aHeating$2fast$3(OCoLC)fst00954023 606 $aRefrigeration and refrigerating machinery$2fast$3(OCoLC)fst01092714 608 $aPeriodicals.$2fast 608 $aPeriodicals.$2lcgft 615 0$aHeating 615 0$aAir conditioning 615 0$aRefrigeration and refrigerating machinery 615 6$aRe?frige?ration et appareils frigorifiques 615 6$aClimatisation 615 7$aAir conditioning. 615 7$aHeating. 615 7$aRefrigeration and refrigerating machinery. 676 $a697 676 $a697.93 676 $a697.05 712 02$aAmerican Society of Heating, Refrigerating and Air-Conditioning Engineers 801 0$bWYU 801 1$bWYU 801 2$bOCLCQ 801 2$bUX1 801 2$bNSD 801 2$bOCLCQ 801 2$bOCLCF 801 2$bOCLCE 801 2$bNUI 801 2$bTXJ 801 2$bQE2 801 2$bOCLCQ 801 2$bJPG 801 2$bVT2 801 2$bOCLCO 801 2$bGILDS 801 2$bOCLCO 801 2$bDLC 801 2$bOCLCQ 801 2$bUAB 801 2$bOCLCL 801 2$bOCLCQ 906 $aJOURNAL 912 $a9910133022103321 996 $aASHRAE journal$9800108 997 $aUNINA